Riconosci la Squadra di calcio - Quiz n°285 - Statistics

Statistiche generali
  • Questo quiz è stato fatto 3 volte
  • Il punteggio medio è 8 su 13
Statistiche sulle risposte
Indizio Risposta % Corretto
Titoli nazionali 0
100%
Colori sociali Arancione
100%
Simboli Orso
100%
Trofei nazionali 0
67%
Trofei internazionali 0
67%
Capienza Stadio 13 000 posti
67%
Fondazione 1921
67%
Divisione nazionale 2023-2024 Quarta
67%
Confederazione UEFA
67%
Rifondazione 1937
33%
Rifondazione 1988
33%
Rifondazione 2009
33%
Squadra Pistoiese
33%
Nessun quiz corrispondente trovato
Distribuzione punteggi
Percentuale di utenti per punteggio
Percentile per numero di risposta
I tuoi punteggi nel tempo
Non hai fatto questo quiz